000 01420nam a2200361 c 4500
001 19080
003 ES-MaCES
005 20150929135500.0
008 060718s2004 lu d t m000 | fre d
020 _a928947985X
035 _aCES20060008895m
040 _aES-MaCES
_bspa
_cES-MaCES
245 0 0 _aRapport du groupe de haut niveau sur l'avenir de la politique sociale dans une Union européenne élargie
_cCommission européenne, Direction générale de l'emploi et des affaires sociales, Unité 01
260 _aLuxembourg
_bOffice des publications officielles des Communautés européennes
_c2004
300 _a69 p.
_bgráf. col.
_c30 cm
490 1 _aEmpleo y asuntos sociales
541 _cSuscripción conjunta
650 4 _apolítica social
_927029
650 4 _aprotección social
_929076
650 4 _aintegración social
_927283
650 4 _aadhesión de miembros
_930972
650 4 _ainforme
_928986
653 1 0 _aAsuntos Sociales
650 4 _928300
_apolítica de empleo
650 4 _929020
_apaís de la UE
650 4 _926752
_aUE
710 2 _aComisión de las Comunidades Europeas
_bDirección General de Empleo y Asuntos Sociales
_92049
740 0 2 _aPolitique sociale de la Communauté : situation au 1er janvier 1996
830 0 _aEmpleo y asuntos sociales
_933336
902 _aDOC Literatura gris
942 _2CES
_cBK
_h3.3.
999 _c19080
_d19080